Normal view MARC view
  • Connectedness

Entry Topical Term

Number of records used in: 2

001 - CONTROL NUMBER

  • control field: 7812

003 - CONTROL NUMBER IDENTIFIER

  • control field: OSt

005 - DATE AND TIME OF LATEST TRANSACTION

  • control field: 20260113113150.0

008 - FIXED-LENGTH DATA ELEMENTS

  • fixed length control field: 260113|| aca||aabn | a|a d

040 ## - CATALOGING SOURCE

  • Original cataloging agency: OSt
  • Transcribing agency: OSt

150 ## - HEADING--TOPICAL TERM

  • Topical term or geographic name entry element: Connectedness

670 ## - SOURCE DATA FOUND

  • Source citation: Work cat.: (OSt)755006: Croom, Fred H 7810, Principles of topology, 2016